000 00492nam a2200193Ia 4500
003 GCL
008 140319s9999 xx 000 0 eng d
040 _aGCL /
_cGCL
082 0 4 _a863
_bG N
100 1 _aGUELBENZU, JOSE MARIA
245 1 0 _aLA NOCHE EN CASE /
_cGUELBENZU, JOSE MARIA
260 _a[S.N] :
_bEDICIONES DESTINO ،
_c1990
300 _a182 P
650 0 4 _aLITERATURE
650 0 4 _aFICTION
650 0 4 _aSPANISH LITERATURE
650 0 4 _aSPANISH FICTION
942 _2ddc
_cBK
999 _c15422
_d15422